MARC details
| 000 -CABECERA |
| campo de control de longitud fija |
02832nam a22003017a 4500 |
| 003 - IDENTIFICADOR DEL NÚMERO DE CONTROL |
| campo de control |
OSt |
| 005 - FECHA Y HORA DE LA ÚLTIMA TRANSACCIÓN |
| campo de control |
20251027084735.0 |
| 007 - CAMPO FIJO DE DESCRIPCIÓN FÍSICA--INFORMACIÓN GENERAL |
| campo de control de longitud fija |
cr ||||||a|c|a |
| 008 - DATOS DE LONGITUD FIJA--INFORMACIÓN GENERAL |
| campo de control de longitud fija |
221116s2021 mx a|||fom||| 001 0 spa d |
| 040 ## - FUENTE DE LA CATALOGACIÓN |
| Normas de descripción |
rda |
| 100 ## - ENTRADA PRINCIPAL--NOMBRE DE PERSONA |
| 9 (RLIN) |
185650 |
| Nombre de persona |
Várgas Espíndola, Zadya Franscellia de San José |
| 245 1# - MENCIÓN DE TÍTULO |
| Título |
Capacidades municipales y pobreza rural / |
| Mención de responsabilidad, etc. |
por Zadya Franscellia de San José Várgas Espíndola, director de tesis Manrrubio Muñoz Rodríguez. |
| 264 ## - PRODUCCIÓN, PUBLICACIÓN, DISTRIBUCIÓN, FABRICACIÓN Y COPYRIGHT |
| Producción, publicación, distribución, fabricación y copyright |
Chapingo, México : |
| Nombre del de productor, editor, distribuidor, fabricante |
El autor, |
| Fecha de producción, publicación, distribución, fabricación o copyright |
2021. |
| 300 ## - DESCRIPCIÓN FÍSICA |
| Extensión |
1 recurso en línea (198 páginas). |
| 336 ## - TIPO DE CONTENIDO |
| Fuente |
rdacontent |
| Término de tipo de contenido |
texto |
| Código de tipo de contenido |
txt |
| 337 ## - TIPO DE MEDIO |
| Fuente |
rdamedia |
| Nombre/término del tipo de medio |
computadora |
| Código del tipo de medio |
c |
| 338 ## - TIPO DE SOPORTE |
| Fuente |
rdacarrier |
| Nombre/término del tipo de soporte |
recurso en línea |
| Código del tipo de soporte |
cr |
| 502 ## - NOTA DE TESIS |
| Tipo de título |
Doctorado en Ciencias en Problemas Económico Agroindustriales |
| Nombre de la institución que otorga el título |
Universidad Autónoma Chapingo. Centro de Investigaciones Económicas, Sociales y Tecnológicas de la Agroindustria y la Agricultura Mundial, |
| Año de obtención del título |
2021. |
| Información miscelánea |
Doctorado |
| 504 ## - NOTA DE BIBLIOGRAFÍA, ETC. |
| Nota de bibliografía, etc. |
Incluye referencias bibliográficas: páginas 9-10,62-73,93-95,130-136,158-161,173-174. |
| 520 ## - SUMARIO, ETC. |
| Sumario, etc. |
El interés de esta investigación se centra en identificar los elementos del contexto territorial municipal que contribuyen a la presencia de la pobreza rural. Se utilizó un enfoque ecológico que reconoce la importancia del contexto y su complejidad en el desarrollo de las personas. Se diseñó un proceso de tres fases. Primera, se propuso una clasificación de los municipios utilizando como criterio el grado de accesibilidad a carretera pavimentada, concluyendo que una mejor accesibilidad se relaciona con menores condiciones de pobreza rural y urbana. Segunda, se definió un modelo factorial general para explicar las relaciones causales entre las carencias en necesidades básicas, el deterioro del bienestar económico y las capacidades institucionales municipales. En este último factor, se tomaron en cuenta indicadores que expresan las capacidades para presupuestar, gestionar e implementar, así como para reglamentar y rendir cuentas, entre otros. El modelo reveló que estas capacidades impactan directa y positivamente en el bienestar económico, lo que a su vez se refleja en una mejora de las necesidades básicas de la población. Tercera, se realizó un análisis multigrupo utilizando la clasificación municipal propuesta, concluyendo que la debilidad de las capacidades municipales en los municipios rurales explica la mayor incidencia de la pobreza. Esta investigación destaca la necesidad de diseñar políticas públicas tendientes a fortalecer las capacidades locales como condición básica para impulsar el desarrollo. |
| 650 #7 - PUNTO DE ACCESO ADICIONAL DE MATERIA--TÉRMINO DE MATERIA |
| 9 (RLIN) |
31995 |
| Término de materia o nombre geográfico como elemento de entrada |
Desarrollo de la comunidad rural |
| 650 #4 - PUNTO DE ACCESO ADICIONAL DE MATERIA--TÉRMINO DE MATERIA |
| 9 (RLIN) |
89454 |
| Término de materia o nombre geográfico como elemento de entrada |
Población rural |
| Subdivisión general |
Pobreza |
| 650 #7 - PUNTO DE ACCESO ADICIONAL DE MATERIA--TÉRMINO DE MATERIA |
| 9 (RLIN) |
40948 |
| Término de materia o nombre geográfico como elemento de entrada |
Finanzas municipales |
| 650 #7 - PUNTO DE ACCESO ADICIONAL DE MATERIA--TÉRMINO DE MATERIA |
| 9 (RLIN) |
12635 |
| Término de materia o nombre geográfico como elemento de entrada |
Bienestar social |
| 700 1# - PUNTO DE ACCESO ADICIONAL--NOMBRE DE PERSONA |
| Nombre de persona |
Muñoz Rodríguez, Manrrubio |
| Término indicativo de función/relación |
Director de Tesis. |
| 9 (RLIN) |
79670 |
| 856 ## - LOCALIZACIÓN Y ACCESO ELECTRÓNICOS |
| Identificador Uniforme del Recurso |
http://10.13.5.2/tesis/td/2021_CI_Vargas_Espindola_ZadyaFranscelliadeSanJose.pdf |
| Nota pública |
DESCARGAR PDF |
| 942 ## - ELEMENTOS DE PUNTO DE ACCESO ADICIONAL (KOHA) |
| Fuente del sistema de clasificación o colocación |
Clasificación Universidad Autónoma Chapingo |
| Tipo de ítem Koha |
Tesis digital |